书目信息 |
| 题名: |
绘画语言论
|
|
| 作者: | 罗豪畅 著 | |
| 分册: | ||
| 出版信息: | 长春 吉林美术出版社 2019 |
|
| 页数: | 201页 | |
| 开本: | 24cm | |
| 丛书名: | ||
| 单 册: | ||
| 中图分类: | J21 | |
| 科图分类: | ||
| 主题词: | 绘画技法--hui hua ji fa | |
| 电子资源: | ||
| ISBN: | 978-7-5575-3447-9 | |
| 000 | 00941nam0 2200253 450 | |
| 001 | 012001006463 | |
| 005 | 20131016160834.0 | |
| 010 | @a978-7-5575-3447-9@dCNY49.00 | |
| 099 | @aCAL 012019029990 | |
| 100 | @a20190308d2019 em y0chiy50 ea | |
| 101 | 0 | @achi |
| 102 | @aCN@b220000 | |
| 105 | @aa a 000yy | |
| 106 | @ar | |
| 200 | 1 | @a绘画语言论@Ahui hua yu yan lun@f罗豪畅著 |
| 210 | @a长春@c吉林美术出版社@d2019 | |
| 215 | @a201页@c图@d24cm | |
| 320 | @a有书目 (第200-201页) | |
| 330 | @a本书列举了绘画语言以其独特的、运用形象思维的方法, 创造出各种形象样式 (具象、变形、抽象等) 来进行交流, 以绘画语言作为媒介来反映画家的创作思想、审美情趣和对世界、对社会乃至对人生的认识。因此, 对绘画语言的掌握是衡量画家艺术水准的依据, 是绘画领域所探讨、研究的永恒主题。 | |
| 606 | 0 | @a绘画技法@Ahui hua ji fa |
| 690 | @aJ21@v5 | |
| 701 | 0 | @a罗豪畅@Aluo hao chang@4著 |
| 801 | 0 | @aCN@b上海新华@c20191020 |
| 905 | @b1099661-4@dJ21@e1044@f4 | |
| 绘画语言论/罗豪畅著.-长春:吉林美术出版社,2019 |
| 201页:图;24cm |
| ISBN 978-7-5575-3447-9:CNY49.00 |
| 本书列举了绘画语言以其独特的、运用形象思维的方法, 创造出各种形象样式 (具象、变形、抽象等) 来进行交流, 以绘画语言作为媒介来反映画家的创作思想、审美情趣和对世界、对社会乃至对人生的认识。因此, 对绘画语言的掌握是衡量画家艺术水准的依据, 是绘画领域所探讨、研究的永恒主题。 |
| ● |
| 相关链接 |
|
|
|
|
正题名:绘画语言论
索取号:J21/1044
 
预约/预借
| 序号 | 登录号 | 条形码 | 馆藏地/架位号 | 状态 | 备注 |
| 1 | 1099661 | 210996617 | 第一样本阅览室/ [索取号:J21/1044] | 在馆 | |
| 2 | 1099662 | 210996626 | 第一借阅区/ [索取号:J21/1044] | 在馆 | |
| 3 | 1099663 | 210996635 | 第一借阅区/ [索取号:J21/1044] | 在馆 | |
| 4 | 1099664 | 210996644 | 第一借阅区/ [索取号:J21/1044] | 在馆 |